Injection molding ; theory and practice /

Guardado en:
Autor Principal: Rubin, Irvin I., 1919-
Formato: Libro
Idioma:English
Publicado: New York : Wiley, c 1972.
Series:SPE monographs
Materias:
Acceso en línea:Tabla de contenido
Etiquetas: Agregar Etiqueta
Sin Etiquetas, Sea el primero en etiquetar este registro!
LEADER 00835cam a22002415a 4500
001 EIQ.libpla003575
008 730104s1973####nyua#####b####001#0#eng#d
005 20080214182409.0
245 1 0 |a Injection molding ;  |b theory and practice /  |c [by] Irvin I. Rubin. 
260 |a New York :  |b Wiley,  |c c 1972. 
300 |a xiii, 657 p. :  |b il. ;  |c 23 cm. 
440 0 |a SPE monographs 
500 |a "A Wiley-Interscience publication." 
504 |a Incluye referencias bibliográficas e índice. 
020 |a 047174445X 
100 1 |a Rubin, Irvin I.,  |d 1919- 
082 0 0 |a 668.4/12 
650 4 |a Plásticos  |x Moldeado. 
650 0 |a Plastics  |x Molding. 
010 |a  73000005  
040 |a DLC  |c DLC  |d AR-BbSID 
856 4 |3 Tabla de contenido  |u http://www.loc.gov/catdir/toc/onix02/73000005.html 
859 |a AR-BbSID  |b BIB. PLAPIQUI  |h 668.412  |i Inv 1203  |p 1203